000 00439nam a2200181Ia 4500
005 20230201092754.0
008 131103s9999 xx 000 0 und d
040 _aLoreto College
041 _aEnglish
082 _a823.91
_bLAW
100 _aLawrence,D.H.
245 4 _aThe rainbow
_cD.H.Lawrence
260 _aHarmoundsworth
_bPenguin Book
_c1966
300 _a496 p.
650 _aEnglish Fiction
850 _aLCLIB
942 _cBK
999 _c4975
_d55454